| 000 | 00760nam a2200229 i 4500 | ||
|---|---|---|---|
| 001 | 83831 | ||
| 003 | ES-MaACL | ||
| 005 | 20231229063022.0 | ||
| 007 | t| | ||
| 008 | 041118s1974 fr ||||1| fre d | ||
| 100 | 1 |
_aIonesco, Eugène, _d1909-1994 _965378 |
|
| 245 | 1 | 0 |
_aThéatre / _cEugène Ionesco. |
| 260 |
_a[Paris] : _bGallimard, _c[1974] |
||
| 300 |
_a336 p. ; _c19 cm. |
||
| 505 | 8 | _aContiene: V. Jeux de massacre ; Macbett ; La vase ; Exercices de conversation et de diction françaises pour étudiants | |
| 740 | 0 | _aJeux de massacre. | |
| 740 | 0 | _aMacbett. | |
| 740 | 3 | _aLa vase. | |
| 740 | 0 | _aExercices de conversation et de diction françaises pour étudiants. | |
| 852 |
_aES-MaACL _jE-5550 _bR.89846 |
||
| 999 |
_c83831 _d83831 |
||